| 000 | 01393cam a2200337 a 4500 | ||
|---|---|---|---|
| 001 | 15217059 | ||
| 005 | 20170105102937.0 | ||
| 008 | 080313s2007 pk a b 000 0 eng | ||
| 010 | _a 2008310061 | ||
| 020 | _a9789698020187 | ||
| 025 | _aP-E-2008310061; 28; 29 | ||
| 040 |
_aDLC _cDLC |
||
| 042 | _alcode | ||
| 043 | _aaz----- | ||
| 050 | 0 | 0 |
_aHN670.3.A8 _bN66 2007 |
| 082 |
_a954.91 _bNON 2006 |
||
| 245 | 0 | 0 | _aNon-traditional and human security in South Asia. |
| 260 |
_aIslamabad : _bInstitute of Regional Studies : _bNational Commission for Human Development, _c2006. |
||
| 300 |
_axliii, xxii, 364 p. : _bill. ; _c23 cm. |
||
| 500 | _a"Collection of papers presented at an international seminar organised jointly by the Institute of Regional Studies and National Commission for Human Development in Islamabad on 31 October, 1 November 2006". | ||
| 504 | _aIncludes bibliographical references. | ||
| 650 | 0 |
_aQuality of life _zSouth Asia _vCongresses. |
|
| 650 | 0 |
_aInternal security _zSouth Asia _vCongresses. |
|
| 650 | 0 |
_aEconomic security _zSouth Asia _vCongresses. |
|
| 650 | 0 |
_aHuman rights _zSouth Asia _vCongresses. |
|
| 710 | 2 | _aInstitute of Regional Studies (Islāmābād, Pakistan) | |
| 710 | 2 | _aNational Commission for Human Development (Pakistan) | |
| 906 |
_a7 _bcbc _corigode _d3 _encip _f20 _gy-gencatlg |
||
| 942 |
_2ddc _cBK |
||
| 999 |
_c16301 _d16301 |
||